000 00430nam a2200169Ia 4500
005 20240730071401.0
008 240331s9999 xx 000 0 und d
082 _a294.3
_bANG
100 _aNyanaponika Thera
245 0 _aAnguttara Nikaya :
_bDiscourses of the Buddha
260 _aKandy
_bBuddhist Publication Society
_c1981
300 _a132 p .,
650 _aBuddhism
650 _aSocial
650 _aAnthology
942 _cL
999 _c914
_d914